000 00499 a2200157 4500
003 OSt
005 20240212111342.0
008 240212b |||||||| |||| 00| 0 eng d
040 _coclc
082 _a954.83
_bAND/M
245 _aMalabar makkal 1922-2022 A Memoir of 100 Years journey in Andaman /
250 _a1St ed.
260 _aSouth Andaman:
_bAndaman Moplah Service Organization ( AMSO),
_c2022.
300 _a190p.
942 _2ddc
_cBK
_h954.83
_iAND/M
_k954.83
_mAND/M
999 _c44439
_d44439